000 00647nam a22000977a 4500
008 160502b xxu||||| |||| 00| 0 eng d
100 _aSchmidt-Andersen, J.
245 _aDenmark's first postage stamp : 4 Rigsbank-Skilling
_bDanmarks forste frimaerke : FIRE R.B.S. og forholdene omkring en postreforms gennemforelse
260 _aKobenhaven
_bKobenhavns Philatelist Klub
_c1961
650 _aDenmark | First Issues | 1851 | Definitive Issues | Classic Issues | Imperforate Issues | 19th Century | Production | Engraving | Plates and Plating | Blocks | Errors and Varieties | Printing | Stamps -- Histories | Postal History | Postal Markings | Bibliographies
999 _c1957
_d1957